Statistiche per Tutti i comuni della provincia di Sondrio

Clicka qui per fare il quiz!

Statistiche generali

  • Questo quiz è stato fatto 41 volte
  • Il punteggio medio è 32 su 77

Statistiche sulle risposte

PosizioneCittàPopolazione% Corretto
2Morbegno12.206
97%
1Sondrio21.180
94%
5Livigno6.904
91%
3Tirano8.788
91%
19Villa di Tirano2.973
91%
4Chiavenna7.161
78%
48Villa di Chiavenna968
78%
8Teglio4.413
75%
26Chiesa in Valmalenco2.341
69%
36Grosotto1.642
66%
16Delebio3.310
63%
9Grosio4.356
63%
63Madesimo527
63%
13Sondalo3.897
63%
38Aprica1.503
59%
11Berbenno di Valtellina4.046
59%
25Chiuro2.406
59%
20Montagna in Valtellina2.942
59%
41Caspoggio1.331
56%
43Lanzada1.254
56%
27Ponte in Valtellina2.250
53%
7Talamona4.620
53%
10Valdidentro4.129
53%
18Albosaggia3.012
50%
17Ardenno3.209
50%
6Cosio Valtellino5.445
50%
24Valfurva2.508
50%
51Val Masino839
50%
71Albaredo per San Marco291
47%
37Castione Andevenno1.528
47%
14Dubino3.723
47%
47Mazzo di Valtellina1.024
47%
15Valdisotto3.595
47%
60Andalo Valtellino597
44%
50Campodolcino927
44%
44Civo1.111
44%
32Novate Mezzola1.881
38%
39Piantedo1.412
38%
28Piateda2.066
38%
55Torre di Santa Maria744
38%
42Bianzone1.263
34%
69Cino331
34%
34Poggiridenti1.815
34%
23Traona2.815
34%
30Buglio in Monte1.946
31%
46Caiolo1.040
31%
52Cercino776
31%
74Gerola Alta161
31%
58Lovero625
31%
49Mello928
31%
35Mese1.798
31%
59Castello dell'Acqua614
28%
62Fusine552
28%
33Piuro1.873
28%
22Samolaco2.860
28%
68San Giacomo Filippo369
28%
29Tresivio1.994
28%
73Tartano196
25%
40Colorina1.376
22%
31Gordona1.925
22%
56Postalesio659
22%
75Bema117
19%
67Cedrasco422
19%
64Faedo Valtellino503
19%
61Rogolo561
19%
76Spriana79
19%
57Tovo di Sant'Agata626
19%
12Bormiuo3.991
16%
65Dazio482
16%
53Forcola762
16%
54Mantello754
16%
66Sernio476
13%
72Vervio202
13%
70Rasura291
9%
45Varceia1.059
6%
77Padesina35
0%
21Prata Comportaccio2.873
0%

Distribuzione punteggi

Percentile per numero di risposta

Percentuale di utenti per punteggio

I tuoi punteggi nel tempo

Non hai fatto questo quiz